| 000 | 00887cab a2200205 4500 | ||
|---|---|---|---|
| 001 | ABS67489 | ||
| 008 | 040301n2004 000 0 eng u | ||
| 035 | _a(Sirsi) u125277 | ||
| 245 | _aPart E -your guide to all the changes - special supplement | ||
| 260 | _c2004 | ||
| 490 |
_aHouseBuilder _v63(1) January/February 2004, 1-20(11) |
||
| 520 | _aPresents a group of articles on aspects of the development of robust standard details, which have now been approved by government as an alternative to sound testing and includes details of some of the Part E compliant wall and flooring roducts on the market. | ||
| 590 | _aABS | ||
| 650 | _aBUILDING REGULATIONS 2000 APPROVED DOCUMENT E (2003 EDITION) | ||
| 650 |
_aBUILDING REGULATIONS _96224 |
||
| 650 | _aROBUST STANDARD DETAILS | ||
| 650 | _aACOUSTIC INSULATION | ||
| 690 | _aBUILT ENVIRONMENT-BUILDING STANDARDS | ||
| 942 | _n0 | ||
| 999 |
_c74199 _d74199 |
||